Ekobiznis
Z obsahu sekcie Trendu: Prehľad ekonomických nástrojov v tvorbe a ochrane životného prostredia. Slovenská voda je na európske pomery kvalitná. Záujmy priemyslu a ochrany prírody možno zosúladiť. Obchodovanie s emisiami oxidu uhličitého je šancou aj pre slovenské podniky. Biopotraviny sa stali význam...
Enregistré dans:
| Format: | Chapitre de livre |
|---|---|
| Langue: | slovaque |
| Sujets: | |
| Tags: |
Pas de tags, Soyez le premier à ajouter un tag!
|
MARC
| LEADER | 00000naa a2200000 4500 | ||
|---|---|---|---|
| 001 | r022803 | ||
| 005 | 20230921075408.7 | ||
| 041 | 0 | |a slo | |
| 044 | |a SK | ||
| 245 | 1 | 0 | |a Ekobiznis |
| 520 | |a Z obsahu sekcie Trendu: Prehľad ekonomických nástrojov v tvorbe a ochrane životného prostredia. Slovenská voda je na európske pomery kvalitná. Záujmy priemyslu a ochrany prírody možno zosúladiť. Obchodovanie s emisiami oxidu uhličitého je šancou aj pre slovenské podniky. Biopotraviny sa stali významnou súčasťou slovenského exportu. Zatepľovanie bytov. | ||
| 610 | 2 | 0 | |a Slovensko |
| 610 | 2 | 0 | |a ekológia |
| 610 | 2 | 0 | |a ochrana prostredia životného |
| 610 | 2 | 0 | |a prostredie životné |
| 610 | 2 | 0 | |a priemysel |
| 610 | 2 | 0 | |a poľnohospodárstvo |
| 610 | 2 | 0 | |a kvalita vody |
| 610 | 2 | 0 | |a kvalita ovzdušia |
| 610 | 2 | 0 | |a energia |